01403cam a22003614i 4500003000900000005001700009008004100026020001500067035002700082040003300109082002100142100002900163245008700192264006800279300003800347336002100385337002500406338002300431505045600454526001000910526001000920526001000930526001000940526000800950526000800958526000800966526000800974526000800982526000800990526000800998650001801006650001701024PE-LiUPU20250731173136.0150623s r 000 0 d a0807031550 a(Sirsi) i9780807031551 aPE-LiUPUbspacPE-LiUPUerda04a231.765bN382211 aNelkin, Dorothy,eautor.14aThe creation controversy :bscience or scripture in the schools /cDorothy Nelkin. 1a25 Beacon Street, Boston, Massachusetts :bBeacon Press,c1984. a242 páginas ;c21 centímetros atext2rdacontent aunmediated2rdamedia avolume2rdacarrier0 aIntroduction. A science or a world view? Historical notes on the teaching of evolution. Science after sputnik. Textbook watchers and space-age fundamentalism. The scientific creationists. Political tactics. Creation versus evolution: the California controversy. The proper study of mankind.. : evolution and the MACOS dispute. Legislating science in Arkansas. Censorship by surrender. Social sources of textbook disputes. Science and personal beliefs. aSEG42 aSEG41 aSEG40 aSEG39 aP94 aP87 aP86 aP85 aP77 aP76 aP3504aCreacionismo.04aEvolución.